000 00346nam a22001457a 4500
020 _a978-81-7906-131-2
041 _aENG
100 _a Rathore.N.S
245 _aRenewable Energy Theory & Practice
260 _aDelhi
_bHimanshu Publcations
_c2018
300 _a312
650 _aEOES
700 _a Panwar.N.L , Kurchania .A.K
856 _uEOES
999 _c80
_d80